Dinanderie (Record no. 38397)
[ view plain ]
| 000 -LEADER | |
|---|---|
| fixed length control field | 004940000a22001690004500 |
| 003 - CONTROL NUMBER IDENTIFIER | |
| control field | MACL |
| 005 - DATE AND TIME OF LATEST TRANSACTION | |
| control field | 20160110144137.0 |
| 008 - FIXED-LENGTH DATA ELEMENTS--GENERAL INFORMATION | |
| fixed length control field | 160110b xxu||||| |||| 00| 0 eng d |
| 040 ## - CATALOGING SOURCE | |
| Original cataloging agency | MACL |
| Transcribing agency | MACL |
| 041 ## - LANGUAGE CODE | |
| Language code of text/sound track or separate title | English |
| 082 ## - DEWEY DECIMAL CLASSIFICATION NUMBER | |
| Classification number | 739/PER |
| 100 ## - MAIN ENTRY--PERSONAL NAME | |
| Personal name | Perry, J Tavenor |
| 9 (RLIN) | 31026 |
| 245 ## - TITLE STATEMENT | |
| Title | Dinanderie |
| Remainder of title | A history and description of Mediaeval Art Work in Copper Brass and Bronze |
| 260 ## - PUBLICATION, DISTRIBUTION, ETC. (IMPRINT) | |
| Name of publisher, distributor, etc. | George Allen & Unwin Ltd |
| Date of publication, distribution, etc. | 1910 |
| Place of publication, distribution, etc. | London |
| 650 ## - SUBJECT ADDED ENTRY--TOPICAL TERM | |
| Topical term or geographic name as entry element | Metal Work |
| 9 (RLIN) | 31027 |
| 942 ## - ADDED ENTRY ELEMENTS (KOHA) | |
| Koha item type | Books |
| Call number prefix | 739/PER |
| Source of classification or shelving scheme | |
No items available.









